000 00856nam a2200229Ia 4500
003 GCL
008 140319s9999 xx 000 0 ara d
040 _aGCL /
_cGCL
082 0 4 _a621.380282
_bف م
100 1 _aفاروق محمد العامرى
245 1 0 _aالمشروعات العملية لتصميم وتركيب واصلاح وضبط اجهزة مكبرات الصوت والاجهزة الاليكترونية /
_cفاروق محمد العامرى
250 _aالاولى
260 _aالقاهرة :
_bمعهد ناصر للدراسات الالكترونية ،
_c1991
300 _a154 ص:
_bايض ؛
_c24 سم
490 _a
650 0 4 _aمكبرات
650 0 4 _aالاجهزة الالكترونية
650 0 4 _aالاجهزة الصوتية
650 0 4 _aالصوت
650 0 4 _aالاجهزة
942 _2ddc
_cBK
999 _c28944
_d28944